La resurrección de Jesús : estudio histórico-crítico del testimonio bíblico / ] Ulrich Wilckens ; tadujo Víctor A. Martínez

Збережено в:
Бібліографічні деталі
Автор: Wilckens, Ulrich (autor)
Інші автори: I. Martínez de Lapera, Víctor A., trad. (autor) (autor)
Формат: Книга
Мова:Іспанська
Серія:Biblioteca de estudios bíblicos ; v. 37
Предмети:
Теги: Додати тег
Немає тегів, Будьте першим, хто поставить тег для цього запису!

MARC

LEADER 00000nam^a2200000^u^4500
001 000544450
005 20250521000000.0
008 060220s1000^^^^^^^^^^^^r^^^^^000^0^spa^d
009 20260310131328.842
022 |a 8430108408 
035 |a FMI 000013631 
037 |a Acervo Xavier Clavigero 
041 |a ESP 
096 |a 1.2/39/B 
100 |a Wilckens, Ulrich  |e (autor) 
245 1 3 |a La resurrección de Jesús : estudio histórico-crítico del testimonio bíblico / ] Ulrich Wilckens ; tadujo Víctor A. Martínez 
264 |a Salamanca : Sígueme, 1981 
300 |a 158 p. 
336 |a texto  |b txt  |2 rdacontenido 
337 |a sin mediación  |b n  |2 rdamedio 
338 |a volumen  |b nc  |2 rdasoporte 
440 0 |a Biblioteca de estudios bíblicos ; v. 37 
597 |a Traducido de: Auferstehung 
649 |a XX 
650 |a COMENTARIOS BIBLICOS 2. VIDAS DE CRISTO 
700 |a I. Martínez de Lapera, Víctor A., trad.  |e (autor) 
910 |a Fondo Francisco Migoya Covarrubias S.J. 
920 |a Impresos - Libros 
930 |a Fondos Especiales 
905 |a 134 
901 |a SBC15562  |b IT2  |c ESP  |u 20250521 
901 |a SBC22160  |b IT2  |c ESP  |u 20250521 
902 |a https://opac.biblio.iteso.mx/vufind/Record/000544450